00629 2200193 4500001002100000005001500021035002000036007000300056008003900059082001400098084002000112100002700132245013400159260005900293300004100352650001100393650001800404022001300422INLIS00000000000115620250131092638 a0010-0125000039ta250131 | | |  a615-665.3 a615-665.3 MOH p0 aMohammed S. Almuhayawi1 aPharmacological activities and phytochemical evaluation of coconut crude oil and upon exposure to ozone /cMohammed S. Almuhayawi aNetherlands, Heidelberg :bSpringer Nature B.V.,c2025 a1-15 hlm, :bIlus ;c21 cm x 29,7 cm 4aJurnal 4aMinyak Kelapa a21910855